| 000 | 00815cam a2200253 4500 | ||
|---|---|---|---|
| 001 | 833452 | ||
| 003 | ARRUPE | ||
| 005 | 20161007112852.0 | ||
| 008 | 700518s1969 nyuabc b 001 0beng | ||
| 010 | _a 77084575 | ||
| 040 |
_aDLC _cDLC _dDLC |
||
| 050 | 0 | 0 |
_aND813.V4 _bB88 |
| 082 | 0 | 0 | _a759.6 |
| 100 | 1 |
_aBrown, Dale. _926577 |
|
| 245 | 1 | 4 |
_aThe world of Velázquez, 1599-1660, _cby Dale Brown and the editors of Time-Life Books. |
| 260 |
_aNew York, _bTime-Life Books _c[1969] |
||
| 300 |
_a192 p. _billus. (part col.), map, ports. (part col.) _c31 cm. |
||
| 490 | 0 | _aTime-Life library of art | |
| 504 | _aBibliography: p. 187. | ||
| 600 | 1 | 0 |
_aVelázquez, Diego, _d1599-1660. _926578 |
| 710 | 2 |
_aTime-Life Books. _926560 |
|
| 906 |
_a7 _bcbc _corignew _du _encip _f19 _gy-gencatlg |
||
| 942 |
_2lcc _cMONOGRAPH |
||
| 999 |
_c125458 _d125458 |
||